000 00644cam a22002174a 4500
001 12206496
005 20260302144759.0
008 001020s2002 njua b 001 0 eng
020 _a0130326577
020 _a9780130326577
050 0 0 _aHG4011
_b.V34 2002
082 0 0 _a658.15
_221
100 1 _aVan Horne, James C.
245 1 0 _aFinancial management and policy /
_cJames C. Van Horne.
250 _a12th ed.
260 _aUpper Saddle River, N.J. :
_bPrentice Hall,
_cc2002.
300 _axviii, 814 p. :
_bill. (some col.) ;
_c26 cm.
440 0 _aPrentice Hall finance series
650 0 _aCorporations
_xFinance.
942 _2lcc
_cBK
_n0
999 _c8837
_d8837